[Event "Madrid ch Veteranos 2324"]
[Site "Madrid ESP"]
[Date "2024.03.18"]
[Round "6.35"]
[White "Camarero Izquierdo, Juan Carlos"]
[Black "Vasquez Escobar, Andres Eloy"]
[Result "0-1"]
[WhiteElo "1813"]
[BlackElo "1626"]
[PlyCount "104"]
[EventDate "2024.03.11"]
[EventType "swiss"]
[EventRounds "9"]
[EventCountry "ESP"]
[SourceTitle "Ajedrez en Madrid"]
[Source "lmi"]
[SourceDate "2024.03.11"]
[SourceVersion "1"]
[SourceVersionDate "2024.03.23"]
[SourceQuality "1"]

1. e4 Nf6 2. Nc3 d6 3. d4 g6 4. Be3 Bg7 5. Be2 O-O 6. Qd2 Re8 7. h4 b6 8. h5
Bb7 9. hxg6 hxg6 10. f3 e6 11. g4 Kf8 12. Bh6 Bxh6 13. Qxh6+ Ke7 14. O-O-O Na6
15. Nh3 Rh8 16. Qg5 Kd7 17. Qb5+ c6 18. Qa4 Nc7 19. g5 Nh5 20. Rhg1 b5 21. Qb3
a5 22. d5 a4 23. dxc6+ Bxc6 24. Qb4 Ke7 25. Nxb5 Nxb5 26. Bxb5 Rb8 27. c4 Qc7
28. Kb1 Ng7 29. e5 Rbd8 30. Nf2 Bxf3 31. Rd3 Bb7 32. Rgd1 Nf5 33. exd6+ Nxd6
34. Qc3 Rh2 35. Ka1 Rxf2 36. Bxa4 Be4 37. Rd4 Rf3 38. Qb4 Qb7 39. Bb5 Qb6 40.
Rxe4 Rf5 41. Red4 Qxd4 42. Qe1 Qe4 43. Qa5 Qb7 44. Qa3 Qc7 45. Qb4 Qc5 46. Qd2
Nb7 47. Bd7 Rf2 48. Qd3 Qc7 49. Qa3+ Qc5 50. Qd3 Qb4 51. b3 Qa3 52. Qd4 Qxa2#
0-1

[Event "Madrid ch Veteranos 2324"]
[Site "Madrid ESP"]
[Date "2024.03.18"]
[Round "6.36"]
[White "Villodre Miranda, Juan Alonso"]
[Black "Perales Hernandez, Manuel"]
[Result "1-0"]
[WhiteElo "1727"]
[BlackElo "1594"]
[PlyCount "79"]
[EventDate "2024.03.11"]
[EventType "swiss"]
[EventRounds "9"]
[EventCountry "ESP"]
[SourceTitle "Ajedrez en Madrid"]
[Source "lmi"]
[SourceDate "2024.03.11"]
[SourceVersion "1"]
[SourceVersionDate "2024.03.23"]
[SourceQuality "1"]

1. c4 e5 2. Nc3 Nf6 3. e4 Bc5 4. g3 d6 5. h3 a6 6. Bg2 Be6 7. d3 c6 8. Nge2 Qa5
9. O-O Nbd7 10. Bd2 Ba7 11. Kh2 Qd8 12. f4 Nc5 13. Qc2 Rb8 14. f5 Bd7 15. b4 b5
16. bxc5 Bxc5 17. cxb5 cxb5 18. a3 Qb6 19. g4 Be3 20. Qc1 Bc5 21. g5 Nh5 22.
Nd5 Qd8 23. Bf3 g6 24. Bxh5 gxh5 25. Nf6+ Ke7 26. Nc3 Bc6 27. Qd1 Bd4 28. Ncd5+
Bxd5 29. Nxd5+ Kd7 30. Rb1 Bc5 31. Qxh5 Qf8 32. Bb4 Be3 33. Nxe3 f6 34. gxf6
Qxf6 35. Nd5 Qf8 36. f6 Rb7 37. Rbc1 h6 38. Qf5+ Ke8 39. Qe6+ Qe7 40. Rc8# 1-0

[Event "Madrid ch Veteranos 2324"]
[Site "Madrid ESP"]
[Date "2024.03.18"]
[Round "6.37"]
[White "Lopez Saez, Maria Jose"]
[Black "Saflekos, Apostolos"]
[Result "0-1"]
[WhiteElo "1467"]
[BlackElo "1639"]
[PlyCount "58"]
[EventDate "2024.03.11"]
[EventType "swiss"]
[EventRounds "9"]
[EventCountry "ESP"]
[SourceTitle "Ajedrez en Madrid"]
[Source "lmi"]
[SourceDate "2024.03.11"]
[SourceVersion "1"]
[SourceVersionDate "2024.03.23"]
[SourceQuality "1"]

1. e4 e5 2. Nf3 Nc6 3. Bc4 d6 4. h3 h5 5. d3 Bd7 6. Nc3 Nd4 7. Be3 Qf6 8. Nd5
Nxf3+ 9. gxf3 Qd8 10. f4 c6 11. Nc3 Qf6 12. f5 g6 13. h4 Bh6 14. Qf3 gxf5 15.
O-O-O f4 16. Qxh5 fxe3 17. Qe2 Qxf2 18. Rdf1 Bg4 19. Qxf2 exf2+ 20. Kb1 Be3 21.
Nd1 Bxd1 22. Rxd1 Nf6 23. c3 Rg8 24. Rhf1 Rg1 25. Kc2 Ke7 26. d4 exd4 27. Kd3
c5 28. cxd4 cxd4 29. Ke2 Nxe4 0-1

[Event "Madrid ch Veteranos 2324"]
[Site "Madrid ESP"]
[Date "2024.03.18"]
[Round "6.38"]
[White "Marcos Herrero, Francisco"]
[Black "Calle Trueba, Jose Antonio"]
[Result "1-0"]
[WhiteElo "1879"]
[BlackElo "1646"]
[PlyCount "101"]
[EventDate "2024.03.11"]
[EventType "swiss"]
[EventRounds "9"]
[EventCountry "ESP"]
[SourceTitle "Ajedrez en Madrid"]
[Source "lmi"]
[SourceDate "2024.03.11"]
[SourceVersion "1"]
[SourceVersionDate "2024.03.23"]
[SourceQuality "1"]

1. c4 c5 2. Nc3 Nc6 3. g3 g6 4. Bg2 Bg7 5. Nf3 Nf6 6. O-O O-O 7. d4 d6 8. dxc5
dxc5 9. Be3 Nd7 10. Rc1 Rb8 11. Qa4 Qa5 12. Qxa5 Nxa5 13. b3 Bxc3 14. Rxc3 Nc6
15. Rd3 b6 16. Rfd1 Nde5 17. R3d2 Bg4 18. Ne1 Rbd8 19. f3 Bc8 20. h3 Rxd2 21.
Rxd2 Rd8 22. f4 Rxd2 23. Bxd2 Bd7 24. fxe5 Nxe5 25. Nd3 Nc6 26. Bxc6 Bxc6 27.
Bh6 f6 28. h4 Be4 29. Kf2 Kf7 30. Ke3 Bf5 31. Kd2 Bxd3 32. Kxd3 g5 33. hxg5 Kg6
34. Bf8 Kf7 35. gxf6 Kxf8 36. fxe7+ Kxe7 37. Ke4 Ke6 38. Kf4 Kf6 39. a4 a5 40.
g4 h6 41. e4 Ke6 42. e5 Ke7 43. Kf5 Kf7 44. e6+ Ke7 45. Ke5 Ke8 46. Kf6 Kf8 47.
e7+ Ke8 48. Ke6 h5 49. gxh5 b5 50. cxb5 c4 51. b6 1-0

[Event "Madrid ch Veteranos 2324"]
[Site "Madrid ESP"]
[Date "2024.03.19"]
[Round "7.1"]
[White "Sanchez Garcia, Aurelio"]
[Black "Longa Yauca, Javier"]
[Result "0-1"]
[WhiteElo "1951"]
[BlackElo "2238"]
[PlyCount "110"]
[EventDate "2024.03.11"]
[EventType "swiss"]
[EventRounds "9"]
[EventCountry "ESP"]
[SourceTitle "Ajedrez en Madrid"]
[Source "lmi"]
[SourceDate "2024.03.11"]
[SourceVersion "1"]
[SourceVersionDate "2024.03.23"]
[SourceQuality "1"]

1. d4 Nf6 2. Nf3 c5 3. d5 e6 4. Nc3 b5 5. Nxb5 exd5 6. e3 Bb7 7. c4 dxc4 8.
Nd6+ Bxd6 9. Qxd6 Qe7 10. Qxe7+ Kxe7 11. Bxc4 d5 12. Bd3 Ba6 13. Bxa6 Nxa6 14.
b3 Nb4 15. Ke2 a5 16. Bb2 a4 17. Bxf6+ Kxf6 18. Rhc1 Rhc8 19. Nd2 Ke6 20. a3
axb3 21. Nxb3 Na6 22. Rc3 Rab8 23. Rac1 Kd6 24. e4 dxe4 25. Ke3 f5 26. Kf4 g6
27. g4 fxg4 28. Nd2 Kd5 29. Rc4 Rf8+ 30. Kxg4 Rbe8 31. Nb3 h5+ 32. Kg5 Rxf2 33.
Nxc5 Nxc5 34. Rxc5+ Kd4 35. Kxg6 e3 36. R1c4+ Kd3 37. Rc3+ Ke2 38. Rxh5 Kf1 39.
Rc1+ Kg2 40. h4 e2 41. Rg5+ Kh2 42. Re1 Rf1 43. Rxe2+ Rxe2 44. h5 Re8 45. h6
Rg8+ 46. Kh5 Rh8 47. Kg6 Rg8+ 48. Kh5 Ra8 49. h7 Rf3 50. Rg7 Rh3+ 51. Kg6 Ra6+
52. Kf5 Rah6 53. a4 Rxh7 54. Rg8 Re7 55. Rg4 Rf3+ 0-1

[Event "Madrid ch Veteranos 2324"]
[Site "Madrid ESP"]
[Date "2024.03.19"]
[Round "7.2"]
[White "Grabuzova, Tatiana"]
[Black "Martin Rodriguez, Emilio"]
[Result "1/2-1/2"]
[WhiteElo "2216"]
[BlackElo "1998"]
[PlyCount "103"]
[EventDate "2024.03.11"]
[EventType "swiss"]
[EventRounds "9"]
[EventCountry "ESP"]
[SourceTitle "Ajedrez en Madrid"]
[Source "lmi"]
[SourceDate "2024.03.11"]
[SourceVersion "1"]
[SourceVersionDate "2024.03.23"]
[SourceQuality "1"]

1. Nf3 d5 2. g3 Nf6 3. Bg2 g6 4. b3 Bg7 5. Bb2 O-O 6. c4 c6 7. O-O a5 8. d3
Nbd7 9. Nbd2 Re8 10. cxd5 cxd5 11. Rc1 Nb8 12. Qc2 Nc6 13. Ne5 Bd7 14. a3 Rc8
15. Qb1 Nxe5 16. Bxe5 Bc6 17. Qb2 Nh5 18. Bxg7 Nxg7 19. d4 e6 20. Rc5 b6 21.
Rc2 Bb7 22. Rfc1 Qd7 23. e3 Nf5 24. Nf3 Rxc2 25. Rxc2 Rc8 26. Bf1 Rxc2 27. Qxc2
Qc8 28. Qxc8+ Bxc8 29. g4 Nd6 30. g5 Bd7 31. Ne5 Be8 32. Bd3 a4 33. bxa4 Bxa4
34. Kf1 Kg7 35. Ke2 f6 36. gxf6+ Kxf6 37. Kd2 Nf7 38. Nxf7 Kxf7 39. Kc3 Ke7 40.
Kb4 Bc6 41. h4 Kd6 42. f4 Ke7 43. Bb5 Bb7 44. a4 Kd8 45. a5 bxa5+ 46. Kxa5 Kc7
47. Be8 Kd8 48. Kb6 Kxe8 49. Kxb7 Kd7 50. Kb6 Kd6 51. Kb7 Kd7 52. Kb6 1/2-1/2

[Event "Madrid ch Veteranos 2324"]
[Site "Madrid ESP"]
[Date "2024.03.19"]
[Round "7.3"]
[White "Candela Perez, Jose"]
[Black "Garcia Martin, Esteban"]
[Result "1-0"]
[WhiteElo "2301"]
[BlackElo "1895"]
[PlyCount "63"]
[EventDate "2024.03.11"]
[EventType "swiss"]
[EventRounds "9"]
[EventCountry "ESP"]
[SourceTitle "Ajedrez en Madrid"]
[Source "lmi"]
[SourceDate "2024.03.11"]
[SourceVersion "1"]
[SourceVersionDate "2024.03.23"]
[SourceQuality "1"]

1. d4 Nf6 2. c4 b6 3. Nc3 Bb7 4. d5 e6 5. e4 exd5 6. cxd5 Bb4 7. Bd3 h6 8. Nge2
O-O 9. O-O Re8 10. a3 Bxc3 11. Nxc3 Ba6 12. b4 Bxd3 13. Qxd3 c6 14. Bf4 Nh5 15.
Be3 Qc8 16. f4 d6 17. dxc6 Nxc6 18. Nd5 Qd8 19. Rad1 Rc8 20. Bc1 Nf6 21. Nc3
Qe7 22. Rfe1 Red8 23. Bb2 Qb7 24. Ne2 Ne8 25. Ng3 Ne7 26. Nh5 Qd7 27. Bxg7 Qg4
28. Nf6+ Nxf6 29. Bxf6 Kf8 30. e5 d5 31. Qh7 Ke8 32. e6 1-0

[Event "Madrid ch Veteranos 2324"]
[Site "Madrid ESP"]
[Date "2024.03.19"]
[Round "7.4"]
[White "Ruiz Bellon, Manuel"]
[Black "Pastor Alonso De Prado, Alberto"]
[Result "1-0"]
[WhiteElo "1932"]
[BlackElo "1951"]
[PlyCount "87"]
[EventDate "2024.03.11"]
[EventType "swiss"]
[EventRounds "9"]
[EventCountry "ESP"]
[SourceTitle "Ajedrez en Madrid"]
[Source "lmi"]
[SourceDate "2024.03.11"]
[SourceVersion "1"]
[SourceVersionDate "2024.03.23"]
[SourceQuality "1"]

1. d4 d5 2. Nf3 Nf6 3. e3 e6 4. Bd3 b6 5. Qe2 Bb7 6. Nbd2 Be7 7. e4 dxe4 8.
Nxe4 O-O 9. Nxf6+ Bxf6 10. c3 Nd7 11. O-O c5 12. Bf4 Re8 13. Rfd1 Qc8 14. Bb5
Bc6 15. dxc5 e5 16. Be3 Nxc5 17. Bxc5 bxc5 18. Bxc6 Qxc6 19. Nd2 e4 20. Nc4
Rad8 21. Rxd8 Bxd8 22. Rd1 Bc7 23. Ne3 Qe6 24. Qc4 Qxc4 25. Nxc4 Rd8 26. Rxd8+
Bxd8 27. Nd6 e3 28. fxe3 g6 29. g4 Kf8 30. h3 Ke7 31. Nc8+ Ke6 32. Nxa7 Kd5 33.
Kf2 Ke4 34. Ke2 c4 35. Nb5 Be7 36. Na3 Kd5 37. Kf3 Bg5 38. Nc2 Ke5 39. Nd4 Kd5
40. Nc2 Ke5 41. a4 Kd5 42. a5 Kc5 43. Ke4 Kb5 44. Kd5 1-0

[Event "Madrid ch Veteranos 2324"]
[Site "Madrid ESP"]
[Date "2024.03.19"]
[Round "7.5"]
[White "Martin Martin, Luis Vicente"]
[Black "Barraza Caracuel, Ignacio"]
[Result "1/2-1/2"]
[WhiteElo "1938"]
[BlackElo "2049"]
[PlyCount "84"]
[EventDate "2024.03.11"]
[EventType "swiss"]
[EventRounds "9"]
[EventCountry "ESP"]
[SourceTitle "Ajedrez en Madrid"]
[Source "lmi"]
[SourceDate "2024.03.11"]
[SourceVersion "1"]
[SourceVersionDate "2024.03.23"]
[SourceQuality "1"]

1. d4 Nf6 2. Bf4 d5 3. e3 e6 4. c3 Bd6 5. Nd2 O-O 6. Ngf3 b6 7. Bd3 Ba6 8. Bc2
Bxf4 9. exf4 c5 10. Ne5 Qc7 11. Rc1 Nc6 12. Ndf3 Ne4 13. Nxc6 Qxc6 14. Bd3 Bxd3
15. Qxd3 Qd6 16. g3 c4 17. Qe2 b5 18. Nd2 Nxd2 19. Qxd2 Rfb8 20. O-O b4 21.
Rfe1 Rb6 22. Re3 Rab8 23. b3 cxb3 24. axb3 bxc3 25. Rexc3 g6 26. Qe3 Kg7 27. g4
h6 28. Rd1 R6b7 29. Rdd3 Qe7 30. g5 h5 31. h4 Qd6 32. Kg2 Rc7 33. Kf3 Rbc8 34.
Rxc7 Qxc7 35. Qd2 e5 36. fxe5 Qd7 37. Qf4 Qh3+ 38. Ke2 Rc2+ 39. Rd2 Rc1 40. Rd1
Rc2+ 41. Rd2 Rc1 42. Rd1 Rc2+ 1/2-1/2

[Event "Madrid ch Veteranos 2324"]
[Site "Madrid ESP"]
[Date "2024.03.19"]
[Round "7.6"]
[White "Herrero Reques, Sergio"]
[Black "Lorenzo Bailador, Alfredo"]
[Result "1-0"]
[WhiteElo "2008"]
[BlackElo "1935"]
[PlyCount "115"]
[EventDate "2024.03.11"]
[EventType "swiss"]
[EventRounds "9"]
[EventCountry "ESP"]
[SourceTitle "Ajedrez en Madrid"]
[Source "lmi"]
[SourceDate "2024.03.11"]
[SourceVersion "1"]
[SourceVersionDate "2024.03.23"]
[SourceQuality "1"]

1. d4 d5 2. c4 e6 3. Nf3 Nf6 4. g3 Be7 5. Bg2 O-O 6. O-O dxc4 7. Qc2 a6 8. a4
Nc6 9. Qxc4 Qd5 10. Nbd2 Rd8 11. Rd1 Nxd4 12. Nxd4 Qxd4 13. Qxc7 Bc5 14. e3 Qd6
15. Qxd6 Rxd6 16. Rf1 Rb8 17. Nc4 Rd8 18. Bd2 b5 19. Ba5 Rf8 20. Bc7 Rb7 21.
Bxb7 Bxb7 22. axb5 axb5 23. Nd6 Bxd6 24. Bxd6 Re8 25. f3 Bd5 26. Kf2 h6 27.
Rfd1 Rc8 28. Rac1 Ra8 29. Ra1 Rc8 30. Rdc1 Rd8 31. Be7 Rd7 32. Bb4 Bc4 33. Rd1
Rb7 34. e4 Nd7 35. f4 f5 36. exf5 exf5 37. Rd4 Nf6 38. Rad1 Ra7 39. Ba3 Ng4+
40. Kg1 Nf6 41. Kg2 Kf7 42. Rd6 Ra8 43. Rd8 Ra6 44. Bb4 Re6 45. R1d2 Kg6 46.
R8d6 Ne4 47. Rxe6+ Bxe6 48. Rd8 Bc4 49. Bc3 Nf6 50. Rd6 Kf7 51. Bxf6 gxf6 52.
Rd7+ Kg6 53. Kf3 h5 54. h4 Kh6 55. Ke3 Kg6 56. Kd4 Be6 57. Rb7 Bc4 58. Kc5 1-0

[Event "Madrid ch Veteranos 2324"]
[Site "Madrid ESP"]
[Date "2024.03.19"]
[Round "7.7"]
[White "Luque Ibanes, Manuel"]
[Black "Vazquez Gonzalez, Francisco"]
[Result "0-1"]
[WhiteElo "1983"]
[BlackElo "1918"]
[PlyCount "80"]
[EventDate "2024.03.11"]
[EventType "swiss"]
[EventRounds "9"]
[EventCountry "ESP"]
[SourceTitle "Ajedrez en Madrid"]
[Source "lmi"]
[SourceDate "2024.03.11"]
[SourceVersion "1"]
[SourceVersionDate "2024.03.23"]
[SourceQuality "1"]

1. Nf3 g6 2. g3 Bg7 3. Bg2 d6 4. d3 e5 5. O-O Ne7 6. e4 O-O 7. c3 Nbc6 8. Re1
f5 9. Qb3+ Kh8 10. Ng5 Qe8 11. exf5 gxf5 12. Ne6 Bxe6 13. Qxe6 Rf6 14. Qb3 Rb8
15. f4 Rg6 16. Na3 a6 17. Bf3 Qd7 18. Bh5 Rh6 19. Qd1 Rf6 20. fxe5 dxe5 21. Nc4
Rff8 22. Bg5 b5 23. Na3 Rbd8 24. Qb3 Bf6 25. Bh6 Bg7 26. Bg5 h6 27. Bh4 Bf6 28.
Bxf6+ Rxf6 29. Rad1 Rg8 30. Kh1 Rg5 31. Bf3 Rd6 32. Qf7 Rg7 33. Qf8+ Kh7 34.
Qa8 Qe6 35. c4 Nd4 36. Bg2 b4 37. Nb1 Ng6 38. Bd5 Qf6 39. Nd2 Rd8 40. Qb7 c5
0-1

[Event "Madrid ch Veteranos 2324"]
[Site "Madrid ESP"]
[Date "2024.03.19"]
[Round "7.8"]
[White "Cabanas Bravo, Juan Andres"]
[Black "Ramos Fernandez, Pedro"]
[Result "0-1"]
[WhiteElo "1927"]
[BlackElo "1981"]
[PlyCount "120"]
[EventDate "2024.03.11"]
[EventType "swiss"]
[EventRounds "9"]
[EventCountry "ESP"]
[SourceTitle "Ajedrez en Madrid"]
[Source "lmi"]
[SourceDate "2024.03.11"]
[SourceVersion "1"]
[SourceVersionDate "2024.03.23"]
[SourceQuality "1"]

1. e4 g6 2. d4 Bg7 3. Nc3 c6 4. Bc4 d6 5. Qf3 e6 6. Nge2 d5 7. Bb3 Ne7 8. Bg5
O-O 9. O-O-O f6 10. Bh4 b5 11. g4 a5 12. a4 b4 13. Na2 Ba6 14. Kb1 Nd7 15. Nac1
Qe8 16. Bg3 Rf7 17. Nf4 Nc8 18. exd5 cxd5 19. Nxe6 Ndb6 20. Nc7 Rxc7 21. Bxc7
Qc6 22. Qg3 Ra7 23. Bb8 Rb7 24. h4 Bf8 25. Bf4 Nxa4 26. g5 Nab6 27. h5 f5 28.
hxg6 Qxg6 29. Qf3 Rd7 30. Nd3 Bxd3 31. Rxd3 a4 32. Ba2 Nc4 33. Qg2 Bg7 34. Ka1
b3 35. cxb3 axb3 36. Bxb3 Qa6+ 37. Ba2 Nxb2 38. Qh3 Qxd3 39. Be5 Qxh3 40. Rxh3
Bxe5 41. dxe5 Nc4 42. f4 Ne7 43. Rh6 Ng6 44. Kb1 Nxf4 45. Rf6 Rf7 46. Kc2 Nxe5
47. Ra6 Kg7 48. Kc3 Nf3 49. Ra4 d4+ 50. Kc2 Rc7+ 51. Kd1 Kg6 52. Bb1 Kxg5 53.
Ra5 Rf7 54. Be4 Kg4 55. Bc6 Rc7 56. Rc5 Kg3 57. Rc2 Re7 58. Kc1 d3 59. Rc5 Re1+
60. Kb2 d2 0-1

[Event "Madrid ch Veteranos 2324"]
[Site "Madrid ESP"]
[Date "2024.03.19"]
[Round "7.9"]
[White "Alonso Abad, Enrique"]
[Black "Garcia Galeote, Lorenzo"]
[Result "0-1"]
[WhiteElo "1939"]
[BlackElo "1860"]
[PlyCount "72"]
[EventDate "2024.03.11"]
[EventType "swiss"]
[EventRounds "9"]
[EventCountry "ESP"]
[SourceTitle "Ajedrez en Madrid"]
[Source "lmi"]
[SourceDate "2024.03.11"]
[SourceVersion "1"]
[SourceVersionDate "2024.03.23"]
[SourceQuality "1"]

1. d4 g6 2. Bf4 Bg7 3. e3 c5 4. c3 cxd4 5. exd4 Nf6 6. Nf3 O-O 7. Be2 d6 8. O-O
b6 9. Nbd2 Bb7 10. Re1 Nbd7 11. h3 Re8 12. Bc4 Bd5 13. a4 Qc7 14. Qb3 Bxc4 15.
Nxc4 Rac8 16. Ne3 h6 17. Ng4 Nxg4 18. hxg4 g5 19. Bg3 Nf6 20. Nh2 Qc6 21. f3 h5
22. gxh5 Nxh5 23. d5 Qb7 24. Nf1 Nf4 25. Bxf4 gxf4 26. Re4 Be5 27. Rae1 f6 28.
c4 Kf7 29. Nh2 Rg8 30. Ng4 Rg6 31. Qd3 Rcg8 32. R4e2 Qc8 33. Kf1 Rh8 34. Nxe5+
fxe5 35. b4 Rh1+ 36. Kf2 Rxg2+ 0-1

[Event "Madrid ch Veteranos 2324"]
[Site "Madrid ESP"]
[Date "2024.03.19"]
[Round "7.10"]
[White "Unciti Juan, Javier"]
[Black "Largo Barbero, Benito"]
[Result "1/2-1/2"]
[WhiteElo "1959"]
[BlackElo "1897"]
[PlyCount "28"]
[EventDate "2024.03.11"]
[EventType "swiss"]
[EventRounds "9"]
[EventCountry "ESP"]
[SourceTitle "Ajedrez en Madrid"]
[Source "lmi"]
[SourceDate "2024.03.11"]
[SourceVersion "1"]
[SourceVersionDate "2024.03.23"]
[SourceQuality "1"]

1. e4 Nc6 2. Nc3 e5 3. f4 d6 4. Nf3 exf4 5. d4 g5 6. g3 Bg7 7. Bb5 Bd7 8. d5
Ne5 9. Bxd7+ Nxd7 10. Nd4 Be5 11. gxf4 gxf4 12. O-O Qg5+ 13. Kh1 Ne7 14. Rg1
Qf6 1/2-1/2

[Event "Madrid ch Veteranos 2324"]
[Site "Madrid ESP"]
[Date "2024.03.19"]
[Round "7.11"]
[White "Gonzalez Rivera, Eduardo"]
[Black "Pareja Vicente, Antonio"]
[Result "0-1"]
[WhiteElo "1999"]
[BlackElo "1869"]
[PlyCount "52"]
[EventDate "2024.03.11"]
[EventType "swiss"]
[EventRounds "9"]
[EventCountry "ESP"]
[SourceTitle "Ajedrez en Madrid"]
[Source "lmi"]
[SourceDate "2024.03.11"]
[SourceVersion "1"]
[SourceVersionDate "2024.03.23"]
[SourceQuality "1"]

1. e4 e5 2. Nf3 Nc6 3. d4 exd4 4. Bc4 Nf6 5. e5 d5 6. Bb5 Ne4 7. Nxd4 Bd7 8.
Bxc6 bxc6 9. Be3 Be7 10. c3 O-O 11. O-O a5 12. f3 Bg5 13. f4 Bh6 14. Qh5 Qe8
15. Nf5 Bxf5 16. Qxf5 Qe6 17. Qxe6 fxe6 18. Nd2 Nxd2 19. Bxd2 a4 20. Be3 g6 21.
Rf2 Ra5 22. c4 dxc4 23. Rc1 Rxe5 24. fxe5 Bxe3 25. Rcc2 Rxf2 26. Rxf2 a3 0-1

[Event "Madrid ch Veteranos 2324"]
[Site "Madrid ESP"]
[Date "2024.03.19"]
[Round "7.12"]
[White "Lopez de Turiso Sanchez, Jose An"]
[Black "Villares Galiano, Luis"]
[Result "1-0"]
[WhiteElo "1940"]
[BlackElo "1890"]
[PlyCount "95"]
[EventDate "2024.03.11"]
[EventType "swiss"]
[EventRounds "9"]
[EventCountry "ESP"]
[SourceTitle "Ajedrez en Madrid"]
[Source "lmi"]
[SourceDate "2024.03.11"]
[SourceVersion "1"]
[SourceVersionDate "2024.03.23"]
[SourceQuality "1"]

1. e4 c5 2. c3 Nf6 3. e5 Nd5 4. g3 Qc7 5. Nf3 Nc6 6. Qe2 g6 7. Na3 Bg7 8. Bg2
O-O 9. O-O d6 10. exd6 Qxd6 11. d4 cxd4 12. Nb5 Qd8 13. Nbxd4 Nxd4 14. Nxd4
Bxd4 15. cxd4 Qd6 16. Bh6 Rd8 17. Rfd1 Be6 18. Rac1 Rac8 19. Qe4 f6 20. Qe2 Kf7
21. h4 Rxc1 22. Rxc1 Rc8 23. Rxc8 Bxc8 24. Qc4 Be6 25. Qc5 b6 26. Qxd6 exd6 27.
a3 Ke7 28. Be4 b5 29. Bd2 Nb6 30. Kf1 Nc4 31. Bc1 Nb6 32. Ke2 Bc4+ 33. Kd2 Ke6
34. h5 f5 35. hxg6 hxg6 36. Bc6 Bf1 37. Ke1 Bd3 38. Bg5 Nd5 39. Kd2 Bb1 40.
Bxb5 Nc7 41. Bc4+ d5 42. Be2 a5 43. f3 Kd6 44. b3 Ne6 45. Bf6 g5 46. Kc1 f4 47.
gxf4 Nxf4 48. Be5+ 1-0

[Event "Madrid ch Veteranos 2324"]
[Site "Madrid ESP"]
[Date "2024.03.19"]
[Round "7.13"]
[White "Vazquez Gonzalez, Jesus"]
[Black "Perez Hernandez, Alfonso"]
[Result "0-1"]
[WhiteElo "1939"]
[BlackElo "1795"]
[PlyCount "90"]
[EventDate "2024.03.11"]
[EventType "swiss"]
[EventRounds "9"]
[EventCountry "ESP"]
[SourceTitle "Ajedrez en Madrid"]
[Source "lmi"]
[SourceDate "2024.03.11"]
[SourceVersion "1"]
[SourceVersionDate "2024.03.23"]
[SourceQuality "1"]

1. e4 c5 2. c3 g6 3. d4 cxd4 4. cxd4 d5 5. e5 Bg7 6. Nc3 Nc6 7. Nf3 Bg4 8. Bb5
e6 9. h3 Bxf3 10. Qxf3 Nge7 11. Bg5 O-O 12. Bxc6 bxc6 13. O-O Qc7 14. g4 Rab8
15. b3 c5 16. Rfe1 Nc6 17. Ne2 cxd4 18. Bf6 Qb6 19. Bxg7 Kxg7 20. Qf6+ Kg8 21.
h4 Rbc8 22. h5 Qd8 23. hxg6 hxg6 24. Qf4 g5 25. Qh2 d3 26. Kg2 Kg7 27. Ng3 Rh8
28. Nh5+ Kf8 29. Rad1 Qc7 30. f4 Nb4 31. Kh1 Qc2 32. Rd2 Qc5 33. a3 Nc2 34.
Rxd3 Ne3 35. Rg1 d4 36. Qg3 Qd5+ 37. Kh2 Rc2+ 38. Kh3 Qe4 39. fxg5 Qxd3 40. Qf3
Rxh5+ 41. gxh5 Qf5+ 42. Qxf5 Nxf5 43. g6 d3 44. g7+ Kg8 45. h6 Nxh6 0-1

[Event "Madrid ch Veteranos 2324"]
[Site "Madrid ESP"]
[Date "2024.03.19"]
[Round "7.14"]
[White "Lopez Heras, Arturo"]
[Black "Moreno Torrero, Javier"]
[Result "1-0"]
[WhiteElo "1814"]
[BlackElo "1911"]
[PlyCount "41"]
[EventDate "2024.03.11"]
[EventType "swiss"]
[EventRounds "9"]
[EventCountry "ESP"]
[SourceTitle "Ajedrez en Madrid"]
[Source "lmi"]
[SourceDate "2024.03.11"]
[SourceVersion "1"]
[SourceVersionDate "2024.03.23"]
[SourceQuality "1"]

1. e4 c5 2. Nf3 Nc6 3. Nc3 g6 4. d4 cxd4 5. Nxd4 Bg7 6. Be3 Nf6 7. Be2 O-O 8.
O-O d6 9. Kh1 Bd7 10. Qd2 Ng4 11. Nxc6 bxc6 12. Bg5 Rb8 13. Rab1 f6 14. Bf4 Be6
15. h3 Ne5 16. Rfd1 Nc4 17. Bxc4 Bxc4 18. Qd4 Be6 19. Qxa7 Ra8 20. Qe3 Bxa2 21.
Nxa2 1-0

[Event "Madrid ch Veteranos 2324"]
[Site "Madrid ESP"]
[Date "2024.03.19"]
[Round "7.16"]
[White "Rodriguez Valdeavero, Julio Cesa"]
[Black "Hernandez Gutierrez, Jose"]
[Result "1-0"]
[WhiteElo "1887"]
[BlackElo "1825"]
[PlyCount "101"]
[EventDate "2024.03.11"]
[EventType "swiss"]
[EventRounds "9"]
[EventCountry "ESP"]
[SourceTitle "Ajedrez en Madrid"]
[Source "lmi"]
[SourceDate "2024.03.11"]
[SourceVersion "1"]
[SourceVersionDate "2024.03.23"]
[SourceQuality "1"]

1. d4 d5 2. Nf3 Nf6 3. g3 e6 4. Bg2 c5 5. O-O Nc6 6. dxc5 Bxc5 7. c4 O-O 8. Qc2
Be7 9. Rd1 Qb6 10. Be3 Qa6 11. Nbd2 Bd7 12. cxd5 Nb4 13. Qb1 Nbxd5 14. Bd4 Bb5
15. e4 Bd3 16. Bf1 Bxb1 17. Bxa6 Bxe4 18. Bxb7 Rab8 19. Nxe4 Rxb7 20. Nxf6+
Bxf6 21. Bxf6 Nxf6 22. b3 Nd5 23. Rac1 h6 24. Rc5 Nb4 25. a3 Nd5 26. b4 Rfb8
27. Rdc1 Kf8 28. Ne5 Ke8 29. Nc4 Rd8 30. b5 Nc7 31. a4 Nd5 32. Na5 Rbd7 33. Kg2
Nb4 34. Ra1 Ra8 35. Nc6 Nd5 36. Rb1 Rb7 37. Ra1 a6 38. Na5 Rb6 39. Nc4 Rbb8 40.
Re1 Kd8 41. Ne5 Rb7 42. Nc6+ Kd7 43. Ne5+ Kd8 44. Rc6 Ke7 45. Rc5 axb5 46. axb5
Nc7 47. Rb1 Kd6 48. Nd3 Rab8 49. Rc6+ Ke7 50. Nc5 Ra7 51. b6 1-0

[Event "Madrid ch Veteranos 2324"]
[Site "Madrid ESP"]
[Date "2024.03.19"]
[Round "7.17"]
[White "Lopez Molina, Santiago Jorge"]
[Black "San Segundo Ortiz, Fernando"]
[Result "0-1"]
[WhiteElo "1881"]
[BlackElo "1813"]
[PlyCount "56"]
[EventDate "2024.03.11"]
[EventType "swiss"]
[EventRounds "9"]
[EventCountry "ESP"]
[SourceTitle "Ajedrez en Madrid"]
[Source "lmi"]
[SourceDate "2024.03.11"]
[SourceVersion "1"]
[SourceVersionDate "2024.03.23"]
[SourceQuality "1"]

1. e4 c5 2. d4 cxd4 3. c3 dxc3 4. Nxc3 Nc6 5. Nf3 e6 6. Bc4 a6 7. O-O Nge7 8.
Bg5 f6 9. Bh4 Ng6 10. Bg3 b5 11. Bb3 Na5 12. Bc2 Be7 13. Qe2 O-O 14. Rfd1 Bb7
15. Rac1 Rc8 16. h4 Nc4 17. Bb3 Qe8 18. a4 Na5 19. Bc2 b4 20. Nb1 Nc6 21. Qd2
Nce5 22. h5 Nxf3+ 23. gxf3 Ne5 24. Bxe5 fxe5 25. Qxd7 Bg5 26. Qxb7 Bxc1 27.
Rxc1 Qxh5 28. Qb6 Qg5+ 0-1